000 00957 a2200229 4500
001 41224
005 20260407155706.0
008 260407a2000 arg spa d
003 AR-UNSa-BCEJYS
040 _aAR-UNSa-BCEJYS
_bspa
_cAR-UNSa-BCEJYS
080 _a347.65
_xDerecho de sucesiones. Derecho hereditario
245 1 0 _aTransferencia de acciones, mortis causa
020 _a950-894-231-2
264 1 _aBuenos Aires :
_bAD-HOC
_c2000
300 _a69 p.
_c23 cm.
505 _a1. La cuestión - 2. Naturaleza de la acción nominativa no endosable y modalidades de su transferencia - 3. Las anotaciones en el libro de registro de acciones - 4. El registro de acciones no es "registral" - 5. Transmisión hereditaria de las acciones
041 _aspa
942 _cBK
590 _aniveau_biblio:m niveau_hierar:0
100 1 _aRoca, Eduardo A.
856 4 1 _uhttps://biblioeco.unsa.edu.ar/pmb/images/libros/L126467.jpg
_yImagen de portada
_qimage/jpeg
999 _c3437
_d3437